[Event "9th Ivan Cvitanovic Mem"]
[Site "Split CRO"]
[Date "2004.05.03"]
[Round "3"]
[White "Horvath,Cs1"]
[Black "Pataki,G"]
[Result "1/2-1/2"]
[WhiteElo "2517"]
[BlackElo "2381"]

1.c4 c6 2.Nf3 d5 3.e3 Nf6 4.Nc3 a6 5.d4 b5 6.cxd5 cxd5 7.Ne5 e6 8.Bd2 Bd6
9.Be2 O-O 10.O-O Nfd7 11.Nd3 Nc6 12.Rc1 Bb7 13.Bf3 Qe7 14.Rc2 Rfc8 15.Qb1 Nb4
16.Nxb4 Bxb4 17.Rfc1 Nb6 18.Ne2 Bd6 19.Rxc8+ Rxc8 20.b3 Rxc1+ 21.Nxc1 Qc7
22.g3 b4 23.Nd3  1/2-1/2

[Event "Capablanca Mem Mixto"]
[Site "Havana CUB"]
[Date "2004.05.08"]
[Round "3"]
[White "Lucena,L"]
[Black "Marrero,Y"]
[Result "1/2-1/2"]
[WhiteElo "2180"]
[BlackElo "2271"]

1.c4 c6 2.e4 d5 3.exd5 cxd5 4.d4 Nf6 5.Nc3 Nc6 6.Nf3 Bg4 7.cxd5 Nxd5 8.Be2 e6
9.O-O Nxc3 10.bxc3 Bd6 11.h3 Bh5 12.Rb1 Rb8 13.Rb5 Bg6 14.Be3 a6 15.Rb2 O-O
16.c4 Qe7 17.Bd3 Rfc8 18.Bxg6 hxg6 19.c5 Bc7 20.Qb1 Qd7 21.Kh1 Na5 22.Qe4 Qd5
23.Qxd5 exd5 24.Rfb1 Re8 25.Kg1 b5 26.cxb6 Nc4 27.Rb3 Rxb6 28.Rxb6 Nxb6 29.Ne5 Re6
30.Nd3 Nc4 31.Nc5 Rc6 32.Rb7 Bd6 33.Nb3 Nxe3 34.fxe3 Rc2 35.g4 Rxa2 36.Rd7 Bg3
37.Rxd5 Bf2+ 38.Kf1 Bxe3 39.Rd8+ Kh7 40.Re8 Bg5 41.Nc5 Bf6 42.Ne4 g5 43.d5 Ra5
44.Ra8 Rxd5 45.Nxf6+ gxf6 46.Rxa6 f5 47.gxf5 Rxf5+ 48.Kg2 Rf4 49.Kg3 f6 50.h4 Kg6
51.hxg5 Kxg5 52.Ra5+ f5 53.Ra8 Rc4 54.Rg8+ Kf6 55.Rf8+ Ke6 56.Kf3 Rc1 57.Re8+ Kf7
58.Ra8 Rf1+ 59.Ke2 Rf4 60.Ra6  1/2-1/2

[Event "12th Sigeman & Co"]
[Site "Malmoe/Copenhagen SWE"]
[Date "2004.05.08"]
[Round "8"]
[White "Hansen,Cu"]
[Black "Aagaard,J"]
[Result "1/2-1/2"]
[WhiteElo "2635"]
[BlackElo "2400"]

1.c4 c6 2.Nf3 d5 3.e3 Nf6 4.Nc3 g6 5.d4 Bg7 6.Be2 O-O 7.O-O Nbd7 8.cxd5 Nxd5
9.Nxd5 cxd5 10.Bd2 e5 11.dxe5 Nxe5 12.Qb3 Nxf3+ 13.Bxf3 Be6 14.Rfd1 Qb6 15.Bc3 Bxc3
16.Qxc3 Rac8 17.Qd2 Rc7 18.b3 Rfc8 19.Rac1 Rxc1 20.Rxc1 Rxc1+ 21.Qxc1 Qb4
22.h3 b6 23.Qb2 h5 24.Kf1 Kf8 25.a3 Qc5 26.b4 Qc4+ 27.Kg1 Ke7 28.Be2 Qc7
29.h4 Bf5 30.Bf3 Ke6 31.g3 Qc2  1/2-1/2

[Event "Karadjordje-Serbia"]
[Site "Topola SCG"]
[Date "2004.05.14"]
[Round "11"]
[White "Ruck,R"]
[Black "Goloshchapov,A"]
[Result "1/2-1/2"]
[WhiteElo "2556"]
[BlackElo "2569"]

1.c4 c6 2.d4 d5 3.Nf3 Nf6 4.Nc3 e6 5.Bg5 h6 6.Bxf6 Qxf6 7.e3 Nd7 8.Bd3 dxc4
9.Bxc4 g6 10.O-O Bg7 11.Qc2 O-O 12.Ne4 Qe7 13.Bb3 e5 14.Ng3 Kh8 15.Rad1 Re8
16.dxe5 Nxe5 17.Nxe5 Bxe5 18.f4 Bg7 19.f5 Qxe3+ 20.Kh1 Bxf5 21.Nxf5 gxf5
22.Qxf5 Qe4 23.Qxf7 Re7 24.Qf2  1/2-1/2

[Event "5th IECC"]
[Site "Antalya TUR"]
[Date "2004.05.18"]
[Round "4"]
[White "Stefansson,H"]
[Black "Jonkman,H"]
[Result "1-0"]
[WhiteElo "2567"]
[BlackElo "2421"]

1.c4 c6 2.d4 d5 3.Nf3 Nf6 4.e3 a6 5.Be2 Bf5 6.Nbd2 h6 7.O-O Nbd7 8.b4 e6
9.c5 Be7 10.Bb2 O-O 11.Qb3 Qb8 12.a4 b6 13.Bc3 Qa7 14.Rfc1 Rfb8 15.Qd1 Nh7
16.Qf1 Qb7 17.Nb3 Nhf8 18.Ne1 a5 19.b5 Qc7 20.bxc6 bxc5 21.Bb5 c4 22.Bxa5 Rxa5
23.Nxa5 Qxa5 24.cxd7 Rd8 25.Qe2 Bb4 26.Rd1 Nxd7 27.e4 dxe4 28.d5 exd5 29.Rxd5 Be6
30.Rdd1 c3 31.Qxe4 Be7 32.Bxd7 c2 33.Nxc2 Rxd7 34.Rxd7 Bf6 35.Rad1  1-0

[Event "22nd LIE-Open"]
[Site "Triesen LIE"]
[Date "2004.05.18"]
[Round "5"]
[White "Brestian,E"]
[Black "Malakhatko,V"]
[Result "0-1"]
[WhiteElo "2431"]
[BlackElo "2540"]

1.c4 c6 2.d4 d5 3.e3 Nf6 4.Nc3 a6 5.Nf3 b5 6.cxd5 cxd5 7.Bd3 e6 8.Ne5 Nbd7
9.f4 Bb7 10.O-O Bd6 11.Bd2 O-O 12.Be1 Nb6 13.Bh4 Be7 14.Bxf6 Bxf6 15.Rf3 g6
16.Ne2 Nc4 17.b3 Nd6 18.a4 bxa4 19.Rxa4 Bg7 20.Rf1 f6 21.Nf3 Qb6 22.Qd2 Bc6
23.Ra3 Nb5 24.Bxb5 Bxb5 25.Rfa1 Rfc8 26.Nc1 Bf8 27.b4 Bc4 28.Nd3 Rab8 29.Ra4 Qc6
30.Nc5 Rb6 31.h3 Rcb8 32.Kh2 Bd6 33.Kh1 Bc7 34.Qc3 Qd6 35.Kg1 Kg7 36.Qd2 h6
37.Ne1 g5 38.Ned3 Kh8 39.Kf2 Rg8 40.Rh1 Qe7 41.h4 gxf4 42.exf4 Qg7 43.Kg1 e5
44.dxe5 fxe5 45.Nxe5 Bxe5 46.fxe5 Rg6 47.Rh2 d4 48.Kh1 Qxe5 49.Ra1 Qe3 50.Rd1 Rf6
51.Qb2 Rf2  0-1

[Event "Capablanca Mem Elite"]
[Site "Havana CUB"]
[Date "2004.05.19"]
[Round "11"]
[White "Ramirez,Al"]
[Black "Dominguez,L"]
[Result "1/2-1/2"]
[WhiteElo "2542"]
[BlackElo "2612"]

1.c4 c6 2.e4 d5 3.exd5 cxd5 4.cxd5 Nf6 5.Nc3 Nxd5 6.Nf3 Nxc3 7.bxc3 g6 8.d4 Bg7
9.Bd3 Nc6 10.O-O O-O 11.Re1 Bg4 12.Be4 Qd7 13.Ba3 Rfe8 14.Rb1 b6 15.h3 Bf5
16.Bxc6 Qxc6 17.Rc1 Be4 18.Ng5 Bd5 19.Bxe7 Bxa2 20.Nf3  1/2-1/2

[Event "Capablanca Mem Mixto"]
[Site "Havana CUB"]
[Date "2004.05.19"]
[Round "13"]
[White "Lucena,L"]
[Black "Groffen,H"]
[Result "0-1"]
[WhiteElo "2180"]
[BlackElo "2207"]

1.c4 c6 2.e4 e5 3.Nf3 d6 4.d4 Bg4 5.dxe5 Bxf3 6.Qxf3 dxe5 7.Be2 Bb4+ 8.Nc3 Nd7
9.O-O Ne7 10.Rd1 Ng6 11.a3 Bc5 12.Be3 Bxe3 13.fxe3 Qf6 14.Qh3 Nc5 15.b4 Ne6
16.c5 Rd8 17.Bc4 O-O 18.Rf1 Qe7 19.Rf5 b5 20.cxb6 axb6 21.Raf1 Rd6 22.a4 Nd8
23.Rh5 Rd2 24.Rxh7 Qxb4 25.Nd5 cxd5 26.Bxd5 Qc5 27.Rh5 Rxd5 28.exd5 Qxd5
29.Qf5 Qe6 30.g4 Re8 31.Rf3 Qd5 32.Rhh3 Re6 33.g5 Rc6 34.Rf1 Rc4 35.Rg3 Rxa4
36.Qb1 Ra2 37.Rd1 Rd2 38.Rxd2 Qxd2 39.Qxb6 Qe1+ 40.Kg2 Qe2+ 41.Kg1 Ne6 42.Qb8+ Nef8
43.Qb1 Nh4 44.Qf1 Qd2 45.Qf2 Qd3 46.Qf1 Qd5 47.Qh3 Nfg6 48.Qc8+ Kh7 49.Qh3 Qd2
50.Qf1 e4 51.Qxf7 Nf3+ 52.Rxf3 exf3 53.Qxf3 Qe1+ 54.Qf1 Qxe3+ 55.Kh1 Qxg5
56.Qd3 Kh6 57.Qa6 Qf6 58.Qc4 Nh4 59.Qc1+ g5  0-1

[Event "22nd LIE-Open"]
[Site "Triesen LIE"]
[Date "2004.05.21"]
[Round "8"]
[White "Rotstein,A"]
[Black "Mufic,Go"]
[Result "1-0"]
[WhiteElo "2517"]
[BlackElo "2337"]

1.c4 c6 2.e4 d5 3.exd5 cxd5 4.cxd5 Nf6 5.Nc3 Nxd5 6.Nf3 Nc6 7.Bc4 e6 8.O-O Be7
9.d4 O-O 10.Re1 Bf6 11.Ne4 Nce7 12.Nxf6+ Nxf6 13.Bg5 Ned5 14.Ne5 Qd6 15.Qf3 Rb8
16.Qg3 b5 17.Bd3 Nh5 18.Qh4 g6 19.Bh6 Re8 20.Rac1 Bd7 21.g4 Nhf4 22.Bxf4 Nxf4
23.Qf6 Nxd3 24.Qxf7+ Kh8 25.Qf6+ Kg8 26.Nxd3 Rf8 27.Qe5 Qxe5 28.Nxe5 Rb7
29.f3 b4 30.h4 Bb5 31.Kf2 Kg7 32.Ke3 h6 33.g5 h5 34.Rc5 Re8 35.Rec1 Ree7
36.Rc8 a6 37.R1c5 Ra7 38.Rd8 Rec7 39.Rd6 Re7 40.Rc8 Rac7 41.Rxc7 Rxc7 42.Rxe6 Rc2
43.Rxg6+ Kf8 44.Rf6+ Kg8 45.a4 Bf1 46.b3 Rb2 47.Kf4 Rxb3 48.Rb6 Bg2 49.g6 a5
50.Kg5 Bh3 51.Kf6 Rc3 52.f4 Rc8 53.d5 Rd8 54.d6 Rf8+ 55.Nf7 Bd7 56.Rb7 Bxa4
57.Kg5  1-0

[Event "TCh-NOR Final"]
[Site "Trondheim NOR"]
[Date "2004.05.21"]
[Round "3"]
[White "Moen,S"]
[Black "Tallaksen,G"]
[Result "1-0"]
[WhiteElo "2157"]
[BlackElo "2360"]

1.c4 c6 2.e4 d5 3.exd5 cxd5 4.cxd5 Nf6 5.Nc3 Nxd5 6.Bc4 e6 7.Nf3 Nxc3 8.bxc3 Be7
9.O-O O-O 10.d4 Qc7 11.Qe2 Nd7 12.Rb1 Nf6 13.Re1 a6 14.Bg5 b5 15.Bd3 Bb7
16.Ne5 h6 17.Bxh6 Qxc3 18.Qe3 Nd5 19.Qh3 f5 20.Bxg7 Kxg7 21.Qg3+ Kh8 22.Ng6+ Kg7
23.Nxe7+ Kf7 24.Qg6+  1-0

[Event "TCh-SCG"]
[Site "Petrovac SCG"]
[Date "2004.05.22"]
[Round "7"]
[White "Nikcevic,N"]
[Black "Miljkovic,Mir"]
[Result "1-0"]
[WhiteElo "2451"]
[BlackElo "2390"]

1.c4 c6 2.e4 d5 3.cxd5 cxd5 4.exd5 Nf6 5.Nc3 Nxd5 6.Nf3 Nxc3 7.bxc3 g6 8.Bb5+ Bd7
9.Qb3 Bg7 10.Bc4 O-O 11.Qxb7 Bc6 12.Qb1 Bxf3 13.gxf3 Nc6 14.Qe4 Rc8 15.Be2 f5
16.Qe6+ Kh8 17.Rb1 Rf6 18.Qe3 Qd6 19.Qd3 Qc7 20.Qc4 Qd7 21.O-O f4 22.Rb5 e5
23.Qd5 Qe7 24.Kh1 Rf5 25.Rg1 Qh4 26.Qd7 Rd8 27.Qxc6 Qxf2 28.Bf1 Rh5 29.h3 Rg5
30.Bg2 Qg3 31.d4 h6 32.Qc7 Rf8 33.Rb7 Rg8 34.dxe5 Rxe5 35.Bd2 g5 36.Qxe5  1-0

[Event "TCh-NOR Final"]
[Site "Trondheim NOR"]
[Date "2004.05.22"]
[Round "4"]
[White "Lie,Es"]
[Black "Kristensen,Bj"]
[Result "1/2-1/2"]
[WhiteElo "2266"]
[BlackElo "2375"]

1.c4 c6 2.g3 d5 3.Bg2 Nf6 4.Qc2 g6 5.b3 Bg7 6.Bb2 O-O 7.Nf3 a5 8.O-O Na6
9.d3 a4 10.bxa4 dxc4 11.Qxc4 Qd5 12.Ne5 Qxc4 13.Nxc4 Bg4 14.f3 Be6 15.Nbd2 b5
16.Ne3 bxa4 17.f4 Rab8 18.Nec4 c5 19.Rab1 Nd5 20.Bxg7 Kxg7 21.Bxd5 Bxd5 22.a3 Nc7
23.Nb6 Ba2 24.Rb2 Nd5 25.Nxa4 Rxb2 26.Nxb2 Ra8 27.Nbc4 Nc3 28.Kf2 Rb8 29.Rc1 Na4
30.Rc2 Bb3 31.Rc1 Ba2 32.Ra1 Bxc4 33.Nxc4 Rb3 34.Ke3 f6 35.Kd2 Kf7 36.Rc1 Ke6
37.Kc2 Rc3+ 38.Kb1 Rb3+ 39.Ka2 Rb5 40.Rc2 Kd5 41.Nb2 Nxb2 42.Rxb2 Ra5 43.Kb3 Kd4
44.a4 h5 45.Ka3 e5 46.fxe5 fxe5 47.Rb5 Ra8 48.a5 e4 49.Ka4 exd3 50.exd3 g5
51.h3 g4 52.h4 Ra7 53.Rb3 Ra8 54.Ra3 Kd5 55.Rc3 Kd4 56.Rc4+ Ke3 57.Rxc5 Kf3
58.Rxh5 Kxg3 59.Rh6 Kh2 60.Rg6 g3 61.a6 g2 62.Kb5 g1=Q 63.Rxg1 Kxg1 64.d4 Kf2
65.d5 Ke3 66.d6 Kd4 67.d7 Kd5 68.Kb6 Kd6 69.a7 Kxd7 70.h5 Ke6 71.Kb7  1/2-1/2

[Event "2nd Leonine GM"]
[Site "Dhaka BAN"]
[Date "2004.05.23"]
[Round "6"]
[White "Fominyh,A"]
[Black "Abdulla,AlR"]
[Result "1-0"]
[WhiteElo "2579"]
[BlackElo "2422"]

1.c4 c6 2.Nf3 d5 3.d4 Nf6 4.Qb3 dxc4 5.Qxc4 Bf5 6.Nc3 e6 7.g3 Be7 8.Bg2 Nbd7
9.O-O O-O 10.Re1 Ne4 11.Bf4 Qb6 12.Nh4 Bxh4 13.Nxe4 Be7 14.Nd6 Bg6 15.Qb3 Bxd6
16.Bxd6 Rfd8 17.Qc3 Rac8 18.Rac1 Qa6 19.e4 b6 20.b4 Nf6 21.Be7 Re8 22.Bxf6 gxf6
23.h4 e5 24.Qf3 exd4 25.h5 c5 26.hxg6 hxg6 27.Bh3 Rc7 28.Qxf6  1-0

[Event "Summer II"]
[Site "Alushta UKR"]
[Date "2004.05.25"]
[Round "5"]
[White "Abbasov,F"]
[Black "Itkis,B"]
[Result "1/2-1/2"]
[WhiteElo "2435"]
[BlackElo "2436"]

1.c4 c6 2.e4 d5 3.exd5 cxd5 4.cxd5 Nf6 5.Nc3 Nxd5 6.d4 Nc6 7.Nf3 Bg4 8.Bb5 Rc8
9.h3 Bxf3 10.Qxf3 e6 11.O-O Be7 12.Be3 O-O 13.Rac1 Ncb4 14.Qe2 Bg5 15.a3 Nxe3
16.fxe3 Nd5 17.Nxd5 Qxd5 18.Bd3 g6 19.Rcd1 e5 20.Kh1 exd4 21.exd4 Rfe8 22.Qf3 Qxf3
23.Rxf3 Red8 24.Be4 b6 25.Rfd3 Bc1 26.b4 Bf4 27.b5 Rc4 28.g3 Bd6 29.Bd5 Rc7
30.Bc6 Re7 31.Rf1 h5 32.Kg2 Kg7 33.Rf2 f5 34.Kf1 Rf8 35.Re2 Rff7 36.Rde3 Kf6
37.Kf2 Rxe3 38.Rxe3  1/2-1/2

[Event "Chicago Open"]
[Site "Chicago USA"]
[Date "2004.05.28"]
[Round "1"]
[White "Ginsburg,M"]
[Black "Filipovich,D"]
[Result "1/2-1/2"]
[WhiteElo "2364"]
[BlackElo "2207"]

1.c4 c6 2.d4 d5 3.Nf3 Nf6 4.Qc2 g6 5.Bf4 Na6 6.cxd5 Nb4 7.Qb3 Nbxd5 8.Be5 Qb6
9.Nbd2 Bg7 10.e4 Qxb3 11.Nxb3 Nb4 12.Bxf6 exf6 13.Kd2  1/2-1/2

[Event "57th ch-RUS Qualifier"]
[Site "St Petersburg RUS"]
[Date "2004.05.28"]
[Round "7"]
[White "Alekseev,Evgeny"]
[Black "Yevseev,D"]
[Result "1/2-1/2"]
[WhiteElo "2616"]
[BlackElo "2580"]

1.c4 c6 2.d4 d5 3.Nf3 Nf6 4.Nc3 dxc4 5.a4 e5 6.Nxe5 Bb4 7.e3 Be6 8.Be2 c5
9.O-O cxd4 10.exd4 Nc6 11.Bxc4 Bxc4 12.Nxc4 O-O 13.Be3 Rc8 14.Qb3 Ng4 15.Rad1 Bxc3
16.Qxc3 Qd5 17.b3 Rcd8 18.f3 Nf6 19.Bf2 Qg5 20.Qd2 Qh5 21.Rfe1 Nd5 22.Ne5 Ncb4
23.Re4 Qf5 24.Nc4 Nc6 25.Bg3 h6 26.Bf2 Qg6 27.Rg4 Qf5 28.Re4 Qg6 29.Rde1 Qg5
30.Rd1 Qg6  1/2-1/2

[Event "TCh-CRO w"]
[Site "Rabac CRO"]
[Date "2004.06.24"]
[Round "3"]
[White "Pahor,A"]
[Black "Trtanj,T"]
[Result "0-1"]
[WhiteElo "2078"]
[BlackElo "2109"]

1.c4 c6 2.Nf3 d5 3.b3 Bf5 4.Bb2 Nf6 5.g3 e6 6.Bg2 Bc5 7.O-O Nbd7 8.d3 h6
9.Na3 O-O 10.Nc2 a5 11.a3 Qb6 12.Rb1 Ng4 13.e3 Qxb3 14.e4 dxe4 15.dxe4 Bxe4
16.Nfd4 Bxc2 17.Nxb3 Bxd1 18.Rbxd1 Rfd8 19.h3 Bxf2+ 20.Rxf2 Nxf2 21.Kxf2 a4
22.Nd4 Nc5 23.Bf3 e5  0-1

[Event "TCh-CRO"]
[Site "Rabac CRO"]
[Date "2004.06.27"]
[Round "9"]
[White "Fucak,E"]
[Black "Pejic,Ir"]
[Result "1-0"]
[WhiteElo "2306"]
[BlackElo "2159"]

1.c4 c6 2.e4 d5 3.exd5 cxd5 4.d4 Nc6 5.cxd5 Qxd5 6.Nf3 e5 7.Nc3 Bb4 8.Bd2 Bxc3
9.Bxc3 e4 10.Ne5 Nxe5 11.dxe5 Ne7 12.Be2 O-O 13.f4 exf3 14.Bxf3 Qb5 15.Qe2 Qb6
16.Qf2 Qg6 17.O-O Nc6 18.Rae1 Be6 19.Be4 Qh5 20.Qg3 Qg4 21.Qe3 Rfd8 22.a3 Rd7
23.Bf3 Qg6 24.Be4 Qg4 25.h3 Qh4 26.Rc1 Ne7 27.Be1 Qh5 28.g4 Qh6 29.Qxh6 gxh6
30.Bh4 h5 31.gxh5 Bxh3 32.Rf3 Be6 33.Rg3+ Kf8 34.Bxh7 Nf5 35.Rg8+  1-0

[Event "22nd Open"]
[Site "Andorra la Vella AND"]
[Date "2004.07.03"]
[Round "1"]
[White "Gurevich,M"]
[Black "Santamaria,V"]
[Result "1-0"]
[WhiteElo "2667"]
[BlackElo "2104"]

1.c4 c6 2.Nf3 d5 3.e3 Nf6 4.Nc3 Bg4 5.Qb3 Qb6 6.Ne5 Be6 7.d4 Nbd7 8.Nxd7 Bxd7
9.Na4 Qc7 10.Nc5 Bc8 11.cxd5 Nxd5 12.e4 Nb6 13.Be2 e5 14.Qg3 Qe7 15.Be3 exd4
16.Bxd4 Be6 17.Nxe6 Qxe6 18.O-O Qd6 19.Qxd6 Bxd6 20.Bxg7 Rg8 21.Bd4 c5 22.Be3  1-0

[Event "ch-NOR"]
[Site "Molde NOR"]
[Date "2004.07.03"]
[Round "1"]
[White "Leer Salvesen,B"]
[Black "Gausel,E"]
[Result "1/2-1/2"]
[WhiteElo "2341"]
[BlackElo "2520"]

1.c4 c6 2.Nf3 d5 3.d4 Nf6 4.cxd5 cxd5 5.Nc3 Nc6 6.Bf4 a6 7.Rc1 Bf5 8.e3 e6
9.Bd3 Bxd3 10.Qxd3 Bd6 11.Bxd6 Qxd6 12.O-O O-O 13.a3 Rac8 14.Na4 Nd7 15.b4 a5
16.Nc5 axb4 17.Nxb7 Qc7 18.Nc5 bxa3 19.Ng5 Nf6 20.Qxa3 Qa7 21.Qxa7 Nxa7 22.Nf3 Nb5
23.Ne5 Nd6 24.Rc2 h5 25.Rfc1 Nf5 26.g3 Nd6 27.Ncd7 Rxc2 28.Rxc2 Nxd7 29.Nxd7 Ra8
30.Ne5 g5 31.h3 Ne4 32.Kg2 f6 33.Nd3 Ra3 34.Nc5 Nxc5 35.Rxc5 g4 36.Rc7 Ra2
37.h4 Rb2 38.Re7 Rb6 39.Rd7 Rb2 40.Re7 Rb6 41.Rd7 Rb2 42.Re7 Rb6 43.Rd7  1/2-1/2

[Event "7th Medoc Wines Open"]
[Site "Naujac sur Mer FRA"]
[Date "2004.07.03"]
[Round "8"]
[White "Kosten,A"]
[Black "Houska,Jo"]
[Result "1/2-1/2"]
[WhiteElo "2516"]
[BlackElo "2375"]

1.c4 c6 2.Nf3 d5 3.g3 Nf6 4.Bg2 Bg4 5.cxd5 cxd5 6.Ne5 Be6 7.Nc3 Nc6 8.d4 g6
9.Qa4 Qb6 10.Nxc6 Qxc6 11.Qxc6+ bxc6 12.b3 Bg7 13.Ba3 h5 14.Rc1 h4 15.O-O hxg3
16.hxg3 Ng4 17.e4 dxe4 18.Bxe4 Rc8 19.d5 cxd5 20.Nxd5 f5 21.Rxc8+ Bxc8 22.Nxe7 fxe4
23.Nxc8 Nh2 24.Rc1 Nf3+ 25.Kf1 Rh1+ 26.Ke2 Nd4+ 27.Ke3 Bh6+ 28.Kxd4 Bxc1
29.Bc5 e3 30.fxe3 Rg1 31.Nxa7 Rxg3 32.Ke4 Kd7 33.a4 Bd2 34.Kd3 Rg2 35.b4 Be1
36.a5 Ra2 37.Kc4 g5 38.Kb3 Rf2 39.a6 Rf6 40.b5 Ba5 41.Nc6 Rxc6 42.bxc6+ Kxc6
43.Kc4 Be1 44.e4 Bg3 45.Kd3 g4 46.Ke2 Bf4 47.Kf2 Be5 48.Kg2 g3 49.Kf3 Bc7
50.Bb4 Be5 51.Ba5 Bd4 52.Kxg3 Kb5 53.Bc3 Bc5 54.e5 Kxa6 55.Kg4 Kb5 56.Kf5 Kc4
57.Ba5 Kd5 58.Bd8 Bd4 59.e6 Kd6 60.Bf6 Be3 61.e7  1/2-1/2

[Event "22nd Open"]
[Site "Andorra la Vella AND"]
[Date "2004.07.04"]
[Round "2"]
[White "Marin,M"]
[Black "Djingarova,E"]
[Result "1-0"]
[WhiteElo "2511"]
[BlackElo "2273"]

1.c4 c6 2.e4 d5 3.exd5 cxd5 4.d4 Nf6 5.Nc3 g6 6.Qb3 Bg7 7.cxd5 O-O 8.g3 Nbd7
9.Bg2 Nb6 10.Nge2 Bf5 11.Nf4 Qd7 12.Be3 Rfd8 13.Rd1 g5 14.Nfe2 h6 15.d6 Qxd6
16.d5 Bg4 17.h4 Qe5 18.hxg5 hxg5 19.Bd4 Qf5 20.Bxb6 axb6 21.O-O Bxe2 22.Nxe2 Rd6
23.Nd4 Qh7 24.Rfe1 Ng4 25.Nf3 Bf6 26.Qc4 Qh5 27.Re4 Ne5 28.Qe2 Ng6 29.a3 Rad8
30.Nd2 Qh6 31.Rb4 Qg7 32.Ne4 R6d7 33.Rxb6 Bd4 34.Rxg6 fxg6 35.Nxg5 Qe5 36.Qg4 Rxd5
37.Bxd5+ Qxd5 38.Ne6 Rd6 39.Qxg6+ Kh8 40.Rxd4 Qxd4 41.Qe8+  1-0

[Event "Nova Open"]
[Site "Haarlem NED"]
[Date "2004.07.04"]
[Round "5"]
[White "Slings,S"]
[Black "Strating,S"]
[Result "1/2-1/2"]
[WhiteElo "2081"]
[BlackElo "2307"]

1.c4 c6 2.Nc3 d5 3.e3 Nf6 4.Nf3 a6 5.b3 Bg4 6.d4 Nbd7 7.Be2 b5 8.c5 g6 9.h3 Bxf3
10.Bxf3 Bg7 11.Bb2 O-O 12.Qc2 e5 13.O-O Ne8 14.Rad1 Nc7 15.dxe5 Nxe5 16.Be2 Qe7
17.Nb1 f5 18.Rfe1 Ne6 19.Bf1 Qxc5 20.Qxc5 Nxc5 21.Ba3 Ne4 22.Bxf8 Rxf8 23.Rc1 f4
24.Rc2 fxe3 25.Rxe3 Nd6 26.Nd2 Nf5 27.Re1 g5 28.Rxe5 Bxe5 29.Rxc6 Nh4 30.Be2 b4
31.g3 Bc3 32.gxh4 Bxd2 33.Rd6  1/2-1/2

[Event "GP CG de l'Heralt"]
[Site "Montpellier FRA"]
[Date "2004.07.05"]
[Round "1"]
[White "Salus,S"]
[Black "Prie,E"]
[Result "0-1"]
[WhiteElo "2217"]
[BlackElo "2441"]

1.c4 c6 2.Nf3 d5 3.e3 Nf6 4.Be2 Bg4 5.b3 e6 6.Bb2 Nbd7 7.d4 Bb4+ 8.Bc3 a5
9.a3 Bd6 10.Nbd2 O-O 11.O-O Qe7 12.Ne5 Bxe2 13.Qxe2 Bxa3 14.Nxd7 Nxd7 15.Rxa3 Qxa3
16.c5 Qa2 17.Qd3 e5 18.Qf5 a4 19.dxe5 axb3 20.Qxd7 Qc2 21.Nb1 Qg6 22.h4 h5
23.Bd4 Rfd8 24.Qc7 Re8 25.e6 Qxe6 26.Nd2 Qg4 27.Nf3 Qf5 28.Ng5 Rab8 29.Ra1 Rf8
30.Ra7 b2 31.Bxb2 Qb1+ 32.Kh2 Qxb2 33.Ra4 Rbc8 34.Qe7 Rce8 35.Qd7 Qe5+ 36.g3 Re7  0-1

[Event "GP CG de l'Heralt"]
[Site "Montpellier FRA"]
[Date "2004.07.06"]
[Round "2"]
[White "Deleyn,G"]
[Black "Boudre,JP"]
[Result "1-0"]
[WhiteElo "2275"]
[BlackElo "2352"]

1.c4 c6 2.b3 d5 3.Bb2 Bg4 4.Qc2 Nd7 5.e3 Ngf6 6.d4 e6 7.Bd3 Bd6 8.f4 Ne4
9.Bxe4 dxe4 10.Nc3 f5 11.h3 Bh5 12.g4 Bf7 13.O-O-O Qa5 14.Kb1 Be7 15.Nge2 O-O
16.gxf5 exf5 17.Ng3 Bh4 18.Rhg1 Bg6 19.a3 Rae8 20.d5 Qc7 21.b4 c5 22.d6 Qb8
23.Nd5 Qxd6 24.Nh5 Nb8 25.Nxg7 Rc8 26.Ne6 Rfe8 27.Qc3 Kf7 28.Ng5+ Bxg5 29.Qg7+ Ke6
30.fxg5  1-0

[Event "TCh-GRE"]
[Site "Aghia Pelagia GRE"]
[Date "2004.07.08"]
[Round "6"]
[White "Zysk,R"]
[Black "Svetushkin,D"]
[Result "1/2-1/2"]
[WhiteElo "2462"]
[BlackElo "2546"]

1.c4 c6 2.Nf3 Nf6 3.Nc3 d5 4.e3 a6 5.b3 Bf5 6.Bb2 h6 7.d4 e6 8.Bd3 Nbd7 9.O-O Be7
10.Bxf5 exf5 11.Ne5 g6 12.Qf3 Ne4 13.Nxe4 dxe4 14.Qh3 Nxe5 15.dxe5 Qc8 16.f3 exf3
17.Qxf3 Qe6 18.Rad1 O-O 19.e4 fxe4 20.Qxe4 f5 21.Qe3 g5 22.Qb6 Rf7 23.Rd3 f4
24.Rfd1 Bf8 25.Qd4 Re8 26.Qe4 Bc5+ 27.Kh1 Qf5 28.Qe2 Kh7 29.h3 Kg6 30.a3 h5
31.b4 Bf8 32.c5 g4 33.Rf1 Re6 34.Kg1 Kh7 35.hxg4 hxg4 36.Rg3 Rg6 37.e6 Re7
38.Qd3 Qxd3 39.Rxd3 f3 40.Rd7 Rxe6 41.Rxe7+ Bxe7 42.gxf3 gxf3 43.Rxf3 Kg6
44.Kf1  1/2-1/2

[Event "22nd Open"]
[Site "Andorra la Vella AND"]
[Date "2004.07.09"]
[Round "7"]
[White "Berkovich,M"]
[Black "Peralta,Fe"]
[Result "1/2-1/2"]
[WhiteElo "2398"]
[BlackElo "2541"]

1.c4 c6 2.e4 d5 3.exd5 cxd5 4.cxd5 Nf6 5.Bb5+ Nbd7 6.Nc3 a6 7.Qa4 Rb8 8.Bxd7+ Qxd7
9.Qb3 b5 10.Nf3 Bb7 11.Ne5 Qd6 12.d4 Bxd5 13.Nxd5 Qxd5 14.O-O e6 15.Bg5 Ra8
16.Rfc1 Bd6 17.Bxf6 Qxb3 18.axb3 gxf6 19.Nd3 Ke7 20.b4 Rhd8 21.g3 Bb8 22.Ra3 Rxd4
23.Rc8 Rd8 24.Rc6 Rd6 25.Rc8 Rd8 26.Rc6 Be5 27.Kf1 Rd4 28.Ke2 Rd6 29.Rc7+ Rd7
30.Rc5 Rad8 31.Nxe5 fxe5 32.Rxa6 Rd2+ 33.Kf3 Rxb2 34.Ra7+ Kf6 35.Rcc7 Rf8
36.Rab7 Rxb4 37.Rc5 Rb3+ 38.Kg2 e4 39.Rcxb5 Rxb5 40.Rxb5 Rd8 41.Rh5 Rd2 42.Kf1 e3
43.fxe3 Kg6 44.Rh4 e5 45.Rg4+ Kf5 46.Rh4 h5 47.Rxh5+ Ke4 48.g4 Kf3 49.Rf5+ Kxg4
50.Rxf7 Rxh2  1/2-1/2

[Event "22nd Open"]
[Site "Andorra la Vella AND"]
[Date "2004.07.10"]
[Round "8"]
[White "Marin,M"]
[Black "Holmsgaard,H"]
[Result "1/2-1/2"]
[WhiteElo "2511"]
[BlackElo "2289"]

1.c4 c6 2.e4 d5 3.exd5 cxd5 4.d4 Nf6 5.Nc3 e6 6.Nf3 Bb4 7.cxd5 Nxd5 8.Qc2 Nc6
9.Be2 O-O 10.O-O Nce7 11.Bd3 h6 12.a3 Bd6 13.Qe2 Bd7 14.Nxd5 exd5 15.Ne5 Be6
16.Qh5 f6 17.Ng6 Bf7 18.Re1 Nxg6 19.Bxg6 Qd7 20.Bd2 Rae8 21.h3 Re4 22.Rxe4 dxe4
23.Re1 Bxg6 24.Qxg6 f5 25.Bc3 Rf6 26.Qh5 Qf7 27.Qxf7+ Rxf7 28.d5  1/2-1/2

[Event "IMB"]
[Site "Brno CZE"]
[Date "2004.07.10"]
[Round "8"]
[White "Banas,J"]
[Black "Cech,P"]
[Result "1/2-1/2"]
[WhiteElo "2334"]
[BlackElo "2404"]

1.c4 c6 2.e4 e5 3.Nf3 d6 4.d4 Nd7 5.Nc3 Ngf6 6.Be2 Be7 7.O-O O-O 8.Be3 Ng4
9.Bd2 a6 10.d5 Ngf6 11.Be3 Ng4 12.Bd2 Ngf6  1/2-1/2

[Event "GP CG de l'Heralt"]
[Site "Montpellier FRA"]
[Date "2004.07.10"]
[Round "6"]
[White "Miezis,N"]
[Black "Boudre,JP"]
[Result "1-0"]
[WhiteElo "2530"]
[BlackElo "2352"]

1.c4 c6 2.e4 d5 3.cxd5 cxd5 4.exd5 Nf6 5.Bb5+ Nbd7 6.Nc3 a6 7.Qa4 g6 8.Nf3 Bg7
9.O-O O-O 10.Bxd7 Nxd7 11.Re1 Nb6 12.Qb3 e6 13.d4 Nxd5 14.Bg5 Qd6 15.Ne4 Qb4
16.Qd3 Bd7 17.Rab1 h6 18.Bd2 Qb5 19.Qa3 Qa4 20.Qd6 Rfd8 21.Nc5 Qc6 22.Qg3 b6
23.Ne4 Bc8 24.Bxh6 Bb7 25.Bxg7 Kxg7 26.Ne5 Qe8 27.Ng5  1-0

[Event "Skanska Cup"]
[Site "Olomouc CZE"]
[Date "2004.07.10"]
[Round "9"]
[White "Postny,E"]
[Black "Lagowski,P"]
[Result "1-0"]
[WhiteElo "2563"]
[BlackElo "2415"]

1.c4 c6 2.e4 d5 3.exd5 cxd5 4.d4 Nf6 5.Nc3 g6 6.Qb3 Bg7 7.cxd5 O-O 8.Nge2 Nbd7
9.g3 Nb6 10.Bg2 Bf5 11.Nf4 g5 12.Nfe2 Bd3 13.Bxg5 Bc4 14.Qd1 Nbxd5 15.O-O Nxc3
16.bxc3 Qa5 17.Bxf6 Bxf6 18.Bxb7 Rab8 19.Be4 Bxe2 20.Qxe2 Qxc3 21.Rad1 Rfd8
22.d5 Qa3 23.Rd3 Qd6 24.Qh5 Rb2 25.Qxh7+ Kf8 26.Rf3 Rxa2 27.Rf4 Qe5 28.Bg6 Qxd5
29.Re1 fxg6 30.Qxe7+ Kg8 31.Qxf6  1-0

[Event "GP CG de l'Heralt"]
[Site "Montpellier FRA"]
[Date "2004.07.12"]
[Round "8"]
[White "Deleyn,G"]
[Black "Dimitrov,C"]
[Result "1/2-1/2"]
[WhiteElo "2275"]
[BlackElo "2230"]

1.c4 c6 2.b3 d5 3.Bb2 Bg4 4.Qc2 e6 5.e3 Nf6 6.d4 Nbd7 7.Nc3 Bd6 8.Bd3 O-O
9.Nge2 dxc4 10.bxc4 e5 11.O-O Re8 12.Ng3 Qc7 13.Nce4 Nxe4 14.Nxe4 Bf8 15.Ng5 g6
16.h3 Be6 17.f4 exd4 18.exd4 Bh6 19.Rae1 Bxg5 20.fxg5 Qg3 21.Qf2 Qxd3 22.Rxe6 Qxf1+
23.Qxf1 Rxe6 24.d5 cxd5 25.cxd5 Rd6 26.Qc4 Re8 27.Qb5 Re1+ 28.Kh2 Rd1 29.Qxb7 R6xd5
30.Qa8+ Nf8 31.Ba3 Rd8 32.Qxa7 R1d7 33.Qa6  1/2-1/2

[Event "15th Open"]
[Site "Ljubjana SLO"]
[Date "2004.07.13"]
[Round "6"]
[White "Pinter,A"]
[Black "Crepan,M"]
[Result "0-1"]
[WhiteElo "2071"]
[BlackElo "2281"]

1.c4 c6 2.e4 d5 3.exd5 cxd5 4.d4 Nc6 5.Nc3 Nf6 6.Bf4 a6 7.c5 Bf5 8.Rc1 e6
9.Na4 Nd7 10.Nf3 Be7 11.h3 O-O 12.Bd3 Be4 13.Be2 Bf6 14.Be3 Qa5+ 15.Nc3 Qb4
16.Qd2 Bxf3 17.a3 Qa5 18.Bxf3 Qd8 19.O-O Re8 20.b4 Nf8 21.Na4 Ng6 22.Nb6 Rb8
23.a4 Nh4 24.Be2 Nf5 25.Bf4 Nfxd4 26.Bxb8 Nb3 27.Qe3 Nxc1 28.Rxc1 Bd4 29.Qd2 Qxb8
30.b5 Be5 31.bxc6 Bf4 32.Qc2 Bxc1 33.Qxc1 bxc6 34.Bxa6 h6 35.Qc3 Qf4 36.Bb7 Qc7
37.Ba6 e5 38.a5 e4 39.Qd4 e3 40.fxe3 Re4 41.Qd2 Qe7 42.Kf2 Qxc5 43.Bd3 Rb4
44.Qa2 Qc3 45.Be2 Rb2 46.Na4 Qf6+  0-1

[Event "Western Canadian Open"]
[Site "Richmond CAN"]
[Date "2004.07.13"]
[Round "5"]
[White "Oszvald,J"]
[Black "Wang,Y"]
[Result "1/2-1/2"]
[WhiteElo "2171"]
[BlackElo "2125"]

1.c4 c6 2.e4 d5 3.exd5 cxd5 4.d4 e6 5.Nf3 Nf6 6.a3 a5 7.Nc3 Be7 8.c5 b6 9.Na4 bxc5
10.dxc5 Nbd7 11.b4 Qc7 12.Bb2 O-O 13.Be2 Ne4 14.Nd4 Rb8 15.Nc2 Bb7 16.O-O Bc6
17.Nc3 Ndxc5 18.Nxe4 Nxe4 19.f3 Ba4 20.fxe4 Bxc2 21.Qd4 Qb6 22.Qxb6 Rxb6
23.Bd4 Rbb8 24.exd5 axb4 25.dxe6 fxe6 26.axb4 Rxb4  1/2-1/2